000 00485nam a22001697a 4500
003 BD-ChCU
005 20260114124501.0
008 260114b bg ||||| |||| 00| 0 ben d
040 _cBD-ChCU
082 _a501 SUS
100 _aSuppe , Frederick ed.
_919234
245 _aThe structure of scientific theories ./
_cFrederick , Suppe.
260 _aChicago
_bChicago , Univ. of illinois press ,
_cC 1974
300 _axiv , 682p
650 0 _aScience .
_919235
942 _2ddc
_cBK
_n0
999 _c111039
_d111039